000 00612nam a2200205Ii 4500
001 10747
003 CO-ViMGA
008 241108s9999||||xx |||||||||||||| ||und||
040 _aCO-ViMGA
_bspa
_erda
_cCO-ViMGA
041 0 _aunk
082 0 4 _a709-B947
100 1 _aGoran Burenhult
_954814
245 1 0 _a<El> hombre y sus simbolos [videograbación]
264 1 _a[Lugar de publicación no identificado] : Folio, 1994
300 _avolumen
336 _atext
_btxt
_2rdacontent
337 _aunmediated
_bn
_2rdamedia
338 _avolume
_bnc
_2rdacarrier
940 _aidficha_siabuc: 10492. -- ficha_no_siabuc:10747
999 _c52064
_d52064